Normal view
MARC view
- Indígenas de América Latina
Entry Materia
001 - NÚMERO DE CONTROL DEL REGISTRO
- campo de control: 13983
003 - IDENTIFICADOR DE NUMERO DE CONTROL
- campo de control: MX-MxUPN
005 - FECHA Y HORA DE LA ÚLTIMA TRANSACCIÓN
- campo de control: 20231114141204.0
008 - DATOS DE LONGITUD FIJA
- campo de control de longitud fija: 220630nn fznnnbaba a a|a |d
035 ## - NÚMERO DE CONTROL DEL SISTEMA
- Número de control del sistema: UPN10000013991
040 ## - FUENTE DE LA CATALOGACIÓN
- Centro catalogador de origen: MX-MxUPN
- Lengua de catalogación: SPA
150 ## - ENCABEZAMIENTO - TEMÁTICO
- Término de materia o nombre geográfico como elemento inicial: Indígenas de América Latina
- Subdivisión de materia general: Situación legal, leyes, etc.
450 ## - VÉASE - MATERIA
- Subcampo de control: nneo
- Encabezamiento temático: Indios de América Latina
- Subdivisión temática general: Situación legal, leyes, etc.
670 ## - FUENTE EN LA QUE SE LOCALIZARON DATOS
- Cita de la fuente: Autoridades BGTQ, 14 noviembre 2023:
- Información localizada: (Indígenas de México) subdivisión general (Situación legal, leyes, etc.)
902 ## - CATALOGADOR
- Catalogador: MEEG/101100
- Catalogador: Víctor Ruiz/141123
